[Event "Montcalm VI 1998-99"]
[Site "Quebec CAN"]
[Date "1999.04.08"]
[Round "3"]
[White "Tanguay-Carel, Mathieu"]
[Black "Caire, Francois"]
[Result "0-1"]
[WhiteElo "1696"]
[BlackElo "1857"]
[PlyCount "68"]
[GameId "2160767911805332"]
[EventDate "1999.03.25"]
[EventType "swiss"]
[EventRounds "5"]
[EventCountry "CAN"]
[SourceTitle "EXT 2022"]
[Source "ChessBase"]
[SourceDate "2021.10.06"]
[SourceVersion "1"]
[SourceVersionDate "2021.10.06"]
[SourceQuality "1"]

1. d4 Nf6 2. Nf3 e6 3. Bg5 h6 4. Bxf6 Qxf6 5. Nbd2 b6 6. e3 Bb7 7. Bd3 Nc6 8. c3 g6 9. O-O Bg7 10. e4 O-O 11. Re1 d6 12. Qe2 e5 13. d5 Nb8 14. Nf1 Nd7 15. b4 a5 16. a3 Ra7 17. Ne3 Qe7 18. c4 Rfa8 19. Rac1 axb4 20. axb4 h5 21. Nd2 Ra4 22. Rb1 Bh6 23. Rec1 Ra2 24. Rc2 Rxc2 25. Bxc2 Nf6 26. c5 dxc5 27. bxc5 Qxc5 28. Ndc4 Ra2 29. Qd1 b5 30. Bb3 Ra8 31. Nxe5 Bxe3 32. Nd3 Qb6 33. fxe3 Qxe3+ 34. Kf1 Ng4 0-1

[Event "Montcalm VI 1998-99"]
[Site "Quebec CAN"]
[Date "1999.04.15"]
[Round "4"]
[White "Caire, Francois"]
[Black "Gago, Nelson"]
[Result "1-0"]
[WhiteElo "1857"]
[BlackElo "1805"]
[PlyCount "129"]
[GameId "2160767911805333"]
[EventDate "1999.03.25"]
[EventType "swiss"]
[EventRounds "5"]
[EventCountry "CAN"]
[SourceTitle "EXT 2022"]
[Source "ChessBase"]
[SourceDate "2021.10.06"]
[SourceVersion "1"]
[SourceVersionDate "2021.10.06"]
[SourceQuality "1"]

1. d4 Nf6 2. Nc3 d5 3. Bg5 Nbd7 4. f3 c6 5. e4 dxe4 6. fxe4 Qa5 7. Qd2 e6 8. e5 Nd5 9. Nxd5 Qxd2+ 10. Bxd2 cxd5 11. Bd3 Nb6 12. Nf3 Bd7 13. O-O h6 14. a3 Rc8 15. Bb4 Be7 16. Nd2 Ba4 17. b3 Bd7 18. c4 Bg5 19. cxd5 exd5 20. Nf3 Be7 21. Bxe7 Kxe7 22. Rac1 Be6 23. Nh4 g6 24. Bxg6 Rhg8 25. Bd3 Rg4 26. Rxc8 Nxc8 27. Nf5+ Ke8 28. h3 Rg5 29. Nxh6 Bxh3 30. Bb5+ Bd7 31. Bxd7+ Kxd7 32. Rxf7+ Ne7 33. Rf3 Ke6 34. Kf2 Rg6 35. Nf7 Rg4 36. Nd8+ Kd7 37. Nxb7 Rxd4 38. Nc5+ Ke8 39. Rf8+ Kxf8 40. Ne6+ Kf7 41. Nxd4 Ng6 42. Nc6 Ke6 43. Nxa7 Nxe5 44. Nb5 Nc6 45. Ke3 Kf6 46. b4 Ke5 47. g4 Kf6 48. Kf4 d4 49. Ke4 d3 50. Kxd3 Ne5+ 51. Kd4 Nxg4 52. Kd5 Ke7 53. Kc6 Kd8 54. Kb7 Ne3 55. Nd4 Nd5 56. Nc6+ Kd7 57. a4 Nc3 58. a5 Nb5 59. a6 Nd6+ 60. Kb8 Nb5 61. a7 Nc7 62. Ne5+ Kd6 63. a8=Q Nxa8 64. Kxa8 Kxe5 65. Ka7 1-0

[Event "Montcalm VI 1998-99"]
[Site "Quebec CAN"]
[Date "1999.04.15"]
[Round "4"]
[White "Martineau, Michel"]
[Black "Auger, Bertrand"]
[Result "0-1"]
[WhiteElo "1933"]
[BlackElo "2042"]
[PlyCount "77"]
[GameId "2160767911805334"]
[EventDate "1999.03.25"]
[EventType "swiss"]
[EventRounds "5"]
[EventCountry "CAN"]
[SourceTitle "EXT 2022"]
[Source "ChessBase"]
[SourceDate "2021.10.06"]
[SourceVersion "1"]
[SourceVersionDate "2021.10.06"]
[SourceQuality "1"]

1. f4 b5 2. b3 Bb7 3. Bb2 Nf6 4. e3 g6 5. Nf3 a6 6. Be2 Bg7 7. O-O O-O 8. c4 b4 9. d4 d6 10. Qe1 a5 11. Nbd2 Nbd7 12. Qh4 a4 13. bxa4 Rxa4 14. a3 bxa3 15. Bxa3 c5 16. Bb2 Qa5 17. Bc3 Qxc3 18. Rxa4 Qxe3+ 19. Qf2 cxd4 20. Rb4 Nc5 21. Rfb1 Ba8 22. Qxe3 dxe3 23. Nf1 Be4 24. Nxe3 Bxb1 25. Rxb1 Nfe4 26. Nd5 Re8 27. Nc7 Rc8 28. Nd5 Kf8 29. Bf1 e6 30. Ne3 Nc3 31. Rb6 Ke7 32. Nc2 Ra8 33. g3 Ra2 34. Nb4 Ra1 35. Kg2 h6 36. Nd3 Ra2+ 37. Kh3 N3e4 38. Nxc5 Nxc5 39. Rb2 0-1

[Event "Montcalm VI 1998-99"]
[Site "Quebec CAN"]
[Date "1999.04.22"]
[Round "5"]
[White "Agnatieff, Vladimir"]
[Black "Bender, Karl"]
[Result "1-0"]
[WhiteElo "1678"]
[BlackElo "1590"]
[PlyCount "75"]
[GameId "2160767911805335"]
[EventDate "1999.03.25"]
[EventType "swiss"]
[EventRounds "5"]
[EventCountry "CAN"]
[SourceTitle "EXT 2022"]
[Source "ChessBase"]
[SourceDate "2021.10.06"]
[SourceVersion "1"]
[SourceVersionDate "2021.10.06"]
[SourceQuality "1"]

1. c4 c5 2. Nc3 g6 3. g3 Bg7 4. Bg2 Nc6 5. e3 Nf6 6. Nge2 d6 7. Rb1 Bf5 8. d3 Qc8 9. a3 O-O 10. b4 Bh3 11. O-O Bxg2 12. Kxg2 b6 13. e4 e5 14. f4 Nd4 15. Nxd4 cxd4 16. fxe5 dxe5 17. Nd5 Nxd5 18. exd5 f5 19. Bg5 e4 20. Qe2 Re8 21. h4 Qa6 22. Rb3 Qa4 23. Rfb1 e3 24. c5 Qb5 25. Rc1 bxc5 26. Rxc5 Qa4 27. Rb2 Qxa3 28. d6 Qa6 29. Be7 Bf8 30. Qf3 Bxe7 31. Qd5+ Kg7 32. Qxd4+ Bf6 33. Rc7+ Kh6 34. Qxf6 Qc6+ 35. Rxc6 e2 36. Rc7 e1=N+ 37. Kh3 Nf3 38. Qg7+ 1-0

[Event "Montcalm VI 1998-99"]
[Site "Quebec CAN"]
[Date "1999.04.22"]
[Round "5"]
[White "Auger, Bertrand"]
[Black "Sauve, Richard"]
[Result "1-0"]
[WhiteElo "2042"]
[BlackElo "1971"]
[PlyCount "53"]
[GameId "2160767911805336"]
[EventDate "1999.03.25"]
[EventType "swiss"]
[EventRounds "5"]
[EventCountry "CAN"]
[SourceTitle "EXT 2022"]
[Source "ChessBase"]
[SourceDate "2021.10.06"]
[SourceVersion "1"]
[SourceVersionDate "2021.10.06"]
[SourceQuality "1"]

1. d4 f5 2. g3 Nf6 3. Bg2 g6 4. b3 Bg7 5. Bb2 O-O 6. Nd2 d6 7. Ngf3 Qe8 8. O-O Nc6 9. c4 e5 10. d5 Ne7 11. e4 fxe4 12. Ng5 e3 13. fxe3 Bh6 14. h4 Bg4 15. Qe1 Bxg5 16. hxg5 Nh5 17. Rxf8+ Qxf8 18. c5 Rd8 19. Ne4 Qf5 20. Qd2 Qd7 21. Rf1 Rf8 22. Nf6+ Nxf6 23. Rxf6 Nf5 24. c6 Qc8 25. Qb4 Nxg3 26. cxb7 Qb8 27. Qxg4 1-0

[Event "Montcalm VI 1998-99"]
[Site "Quebec CAN"]
[Date "1999.04.22"]
[Round "5"]
[White "Gadbois, Patrick"]
[Black "Caire, Francois"]
[Result "1/2-1/2"]
[WhiteElo "1842"]
[BlackElo "1857"]
[PlyCount "75"]
[GameId "2160767911805337"]
[EventDate "1999.03.25"]
[EventType "swiss"]
[EventRounds "5"]
[EventCountry "CAN"]
[SourceTitle "EXT 2022"]
[Source "ChessBase"]
[SourceDate "2021.10.06"]
[SourceVersion "1"]
[SourceVersionDate "2021.10.06"]
[SourceQuality "1"]

1. d4 Nf6 2. c4 e6 3. Nc3 Bb4 4. e3 b6 5. Nf3 Bb7 6. Bd3 Ne4 7. Qc2 f5 8. O-O Bxc3 9. bxc3 O-O 10. Nd2 Nxd2 11. Bxd2 Qh4 12. f3 d6 13. e4 fxe4 14. fxe4 Nd7 15. Rae1 Rxf1+ 16. Rxf1 Nf6 17. Be1 Qh6 18. Qf2 Rf8 19. Qe2 Qg6 20. e5 Be4 21. Rxf6 Bxd3 22. Rxf8+ Kxf8 23. Qf3+ Qf5 24. Qxf5+ exf5 25. exd6 cxd6 26. Bg3 Ke7 27. a3 Bxc4 28. Kf2 g5 29. h4 h6 30. hxg5 hxg5 31. Bh2 Ke6 32. g3 Kd5 33. Ke3 Bb5 34. Bg1 Kc4 35. Kd2 Kb3 36. Be3 g4 37. Bf4 d5 38. Bd6 1/2-1/2

[Event "Montcalm op"]
[Site "Quebec CAN"]
[Date "1999.02.12"]
[Round "1"]
[White "Bisson, Jacques"]
[Black "Bourassa, Andre"]
[Result "0-1"]
[WhiteElo "1240"]
[BlackElo "1465"]
[PlyCount "64"]
[GameId "2160767911805683"]
[EventDate "1999.02.12"]
[EventType "swiss"]
[EventRounds "5"]
[EventCountry "CAN"]
[SourceTitle "EXT 2022"]
[Source "ChessBase"]
[SourceDate "2021.10.06"]
[SourceVersion "1"]
[SourceVersionDate "2021.10.06"]
[SourceQuality "1"]

1. e4 c5 2. Nf3 e6 3. d4 cxd4 4. Nxd4 a6 5. Nc3 d6 6. Be3 g6 7. Qe2 Bg7 8. g3 Ne7 9. Bg2 Nbc6 10. O-O-O Qc7 11. a3 b5 12. Na2 Bb7 13. Qd2 Rd8 14. Nb4 O-O 15. h4 Ne5 16. b3 Qa5 17. Kb2 Qc7 18. Ka2 N7c6 19. h5 Nxb4+ 20. Qxb4 Nc6 21. Qd2 Nxd4 22. Bxd4 Bxd4 23. Qxd4 Qxc2+ 24. Qb2 Qxb2+ 25. Kxb2 g5 26. h6 f5 27. Rh5 fxe4 28. Rxg5+ Kh8 29. Rf1 Rg8 30. Rh5 Rdf8 31. g4 Rxg4 32. Rh3 Rxg2 0-1

[Event "Montcalm op"]
[Site "Quebec CAN"]
[Date "1999.02.12"]
[Round "1"]
[White "Larochelle, Martial"]
[Black "Belanger, Jacques"]
[Result "0-1"]
[WhiteElo "2236"]
[BlackElo "1965"]
[PlyCount "46"]
[GameId "2160767911805684"]
[EventDate "1999.02.12"]
[EventType "swiss"]
[EventRounds "5"]
[EventCountry "CAN"]
[SourceTitle "EXT 2022"]
[Source "ChessBase"]
[SourceDate "2021.10.06"]
[SourceVersion "1"]
[SourceVersionDate "2021.10.06"]
[SourceQuality "1"]

1. e4 c5 2. Nf3 Nc6 3. d4 cxd4 4. Nxd4 Nf6 5. Nc3 d6 6. Bg5 e6 7. Qd2 a6 8. O-O-O Bd7 9. f4 Be7 10. Nf3 b5 11. e5 b4 12. exf6 bxc3 13. Qxc3 gxf6 14. g3 d5 15. Bd3 Nb4 16. Kb1 Rc8 17. Qd4 Nc6 18. Qc3 Nb4 19. Qd4 Qa5 20. a3 Nc6 21. Qe3 fxg5 22. fxg5 Bxa3 23. Ne5 Qb4 0-1

[Event "Montcalm op"]
[Site "Quebec CAN"]
[Date "1999.02.12"]
[Round "1"]
[White "Trottier, Julie"]
[Black "Auger, Bertrand"]
[Result "1/2-1/2"]
[WhiteElo "1862"]
[BlackElo "2060"]
[PlyCount "122"]
[GameId "2160767911805685"]
[EventDate "1999.02.12"]
[EventType "swiss"]
[EventRounds "5"]
[EventCountry "CAN"]
[SourceTitle "EXT 2022"]
[Source "ChessBase"]
[SourceDate "2021.10.06"]
[SourceVersion "1"]
[SourceVersionDate "2021.10.06"]
[SourceQuality "1"]

1. d4 e6 2. Nf3 Nf6 3. Bf4 b6 4. e3 Bb7 5. Nbd2 Be7 6. h3 O-O 7. Be2 d6 8. O-O Nbd7 9. c3 Re8 10. Qb3 Nf8 11. Bb5 N6d7 12. e4 a6 13. Bc4 b5 14. a4 Bc6 15. axb5 axb5 16. Rxa8 Qxa8 17. Bxb5 Bxb5 18. Qxb5 Rb8 19. Qc4 Rxb2 20. Qxc7 Rb6 21. Qc4 Rc6 22. Qb3 Qc8 23. Nb1 Rb6 24. Qa2 Qb7 25. Nfd2 Rb2 26. Qa3 Rb6 27. e5 Nxe5 28. Be3 d5 29. Qa4 Nc6 30. Qc2 Rb2 31. Qd1 Qb5 32. Qg4 Qd3 33. Qg3 Rb7 34. h4 Na5 35. h5 Nc4 36. h6 g6 37. Bf4 Qxg3 38. fxg3 Nxd2 39. Nxd2 g5 40. Be5 Nd7 41. Bg7 Rc7 42. Rc1 f5 43. g4 Kf7 44. gxf5 exf5 45. c4 Bb4 46. Nf3 g4 47. Nh4 dxc4 48. Nxf5 c3 49. Rc2 Nf6 50. Ne3 Re7 51. Nc4 g3 52. Ne5+ Rxe5 53. dxe5 Nd5 54. Rc1 Ke6 55. Bf6 Nf4 56. Kf1 Nd3 57. Rc2 Kd5 58. e6 Kxe6 59. Bxc3 Bc5 60. Ra2 Kd5 61. Ra4 Be3 1/2-1/2

[Event "Montcalm op"]
[Site "Quebec CAN"]
[Date "1999.02.13"]
[Round "2"]
[White "Auger, Bertrand"]
[Black "Caire, Francois"]
[Result "1-0"]
[WhiteElo "2060"]
[BlackElo "1877"]
[PlyCount "79"]
[GameId "2160767911805686"]
[EventDate "1999.02.12"]
[EventType "swiss"]
[EventRounds "5"]
[EventCountry "CAN"]
[SourceTitle "EXT 2022"]
[Source "ChessBase"]
[SourceDate "2021.10.06"]
[SourceVersion "1"]
[SourceVersionDate "2021.10.06"]
[SourceQuality "1"]

1. Nf3 f5 2. d4 Nf6 3. c4 e6 4. Nc3 Bb4 5. Qb3 Qe7 6. g3 O-O 7. Bg2 d5 8. O-O c6 9. c5 Ba5 10. Bf4 Bc7 11. Ne5 Nbd7 12. Nd3 Bxf4 13. gxf4 Ne4 14. Nxe4 fxe4 15. Ne5 Rxf4 16. Qg3 Rf6 17. f4 Nxe5 18. fxe5 Rg6 19. Qf4 Bd7 20. Kh1 Rf8 21. Qe3 Rxf1+ 22. Rxf1 Be8 23. Rf4 Rg5 24. Qf2 Rh5 25. h4 g5 26. Rg4 Kh8 27. Kg1 gxh4 28. Bh3 Bg6 29. Rf4 Qg5+ 30. Rg4 Qf5 31. Qg2 Qf7 32. e3 Qe7 33. Kh2 Rf5 34. Rxg6 hxg6 35. Qxg6 Rf2+ 36. Kg1 Qf8 37. Qh5+ Kg7 38. Qg4+ Kf7 39. Qxe6+ Kg7 40. Qg4+ 1-0

[Event "Montcalm op"]
[Site "Quebec CAN"]
[Date "1999.02.13"]
[Round "2"]
[White "St Amand, Paul Jr"]
[Black "Schleifer, Michael"]
[Result "0-1"]
[WhiteElo "2093"]
[BlackElo "2423"]
[PlyCount "116"]
[GameId "2160767911805688"]
[EventDate "1999.02.12"]
[EventType "swiss"]
[EventRounds "5"]
[EventCountry "CAN"]
[SourceTitle "EXT 2022"]
[Source "ChessBase"]
[SourceDate "2021.10.06"]
[SourceVersion "1"]
[SourceVersionDate "2021.10.06"]
[SourceQuality "1"]

1. e4 e5 2. Nf3 Nc6 3. Bb5 Nd4 4. Nxd4 exd4 5. O-O Bc5 6. d3 Ne7 7. Qh5 Bb6 8. Bg5 O-O 9. Nd2 f6 10. Bh4 c6 11. Bc4+ d5 12. Bb3 Be6 13. Kh1 Qd7 14. h3 Ng6 15. Bg3 Bf7 16. Qe2 Rae8 17. f4 Ba5 18. Rad1 c5 19. Rfe1 b5 20. a3 c4 21. Ba2 dxe4 22. dxe4 Rd8 23. Rf1 d3 24. cxd3 Qxd3 25. Qxd3 Rxd3 26. Nf3 Rfd8 27. Rxd3 Rxd3 28. f5 Ne7 29. Bf2 a6 30. Bc5 Nc6 31. Kg1 Bc7 32. Kf2 Ne5 33. Ke2 Nxf3 34. gxf3 Be5 35. Rb1 Bh5 36. Be3 Bf7 37. Kf2 Kf8 38. Bc5+ Ke8 39. Be3 a5 40. Ke2 b4 41. axb4 axb4 42. Rc1 b3 43. Bb1 Rd7 44. Rg1 g6 45. fxg6 hxg6 46. Bc1 g5 47. h4 gxh4 48. Rh1 Bg3 49. Bd2 Be6 50. Bc3 Kf7 51. Ke3 h3 52. f4 Bg4 53. e5 f5 54. Bb4 Ke6 55. Bd6 h2 56. Rc1 Rh7 57. Rh1 Rh3 58. Ba3 Kd5 0-1

[Event "Montcalm op"]
[Site "Quebec CAN"]
[Date "1999.02.13"]
[Round "3"]
[White "Caire, Francois"]
[Black "Michaud, Jacques"]
[Result "1-0"]
[WhiteElo "1877"]
[BlackElo "1627"]
[PlyCount "57"]
[GameId "2160767911805689"]
[EventDate "1999.02.12"]
[EventType "swiss"]
[EventRounds "5"]
[EventCountry "CAN"]
[SourceTitle "EXT 2022"]
[Source "ChessBase"]
[SourceDate "2021.10.06"]
[SourceVersion "1"]
[SourceVersionDate "2021.10.06"]
[SourceQuality "1"]

1. d4 Nf6 2. c4 g6 3. Nc3 d5 4. cxd5 Nxd5 5. e4 Nxc3 6. bxc3 Bg7 7. Bc4 O-O 8. Ne2 c5 9. O-O Nc6 10. Be3 Bg4 11. f3 cxd4 12. cxd4 Na5 13. Bxf7+ Rxf7 14. fxg4 Rxf1+ 15. Kxf1 Qd6 16. e5 Qe6 17. h3 Rd8 18. Qa4 b6 19. Rc1 Rf8+ 20. Kg1 Rd8 21. Bd2 Bxe5 22. dxe5 Rxd2 23. Qe8+ Kg7 24. Rf1 Qg8 25. Qxe7+ Kh6 26. g5+ Kh5 27. Ng3+ Kh4 28. Rf4+ Kxg3 29. Rg4# 1-0

[Event "Montcalm op"]
[Site "Quebec CAN"]
[Date "1999.02.13"]
[Round "3"]
[White "Houle, Bernard"]
[Black "Bourassa, Andre"]
[Result "0-1"]
[WhiteElo "1401"]
[BlackElo "1465"]
[PlyCount "54"]
[GameId "2160767911805690"]
[EventDate "1999.02.12"]
[EventType "swiss"]
[EventRounds "5"]
[EventCountry "CAN"]
[SourceTitle "EXT 2022"]
[Source "ChessBase"]
[SourceDate "2021.10.06"]
[SourceVersion "1"]
[SourceVersionDate "2021.10.06"]
[SourceQuality "1"]

1. d4 c5 2. d5 d6 3. c4 e5 4. Nc3 f5 5. e3 Nf6 6. Bd2 Be7 7. h3 O-O 8. Bd3 Na6 9. Nge2 Bd7 10. a3 Nc7 11. e4 fxe4 12. Nxe4 Nxe4 13. Bxe4 Bh4 14. g3 Qf6 15. Be3 Bg5 16. Qd2 Bxe3 17. Qxe3 Bf5 18. Nc3 a6 19. Kd2 b5 20. cxb5 Nxb5 21. Bxf5 Qxf5 22. Raf1 Rab8 23. f4 Nxc3 24. Kxc3 exf4 25. Qxf4 Qxd5 26. Qc4 Qxc4+ 27. Kxc4 Rxb2 0-1

[Event "Montcalm op"]
[Site "Quebec CAN"]
[Date "1999.02.13"]
[Round "3"]
[White "Sauve, Richard"]
[Black "Auger, Bertrand"]
[Result "1/2-1/2"]
[WhiteElo "1960"]
[BlackElo "2060"]
[PlyCount "60"]
[GameId "2160767911805691"]
[EventDate "1999.02.12"]
[EventType "swiss"]
[EventRounds "5"]
[EventCountry "CAN"]
[SourceTitle "EXT 2022"]
[Source "ChessBase"]
[SourceDate "2021.10.06"]
[SourceVersion "1"]
[SourceVersionDate "2021.10.06"]
[SourceQuality "1"]

1. e4 e6 2. d4 d5 3. Nd2 Nf6 4. e5 Nfd7 5. Bd3 c5 6. c3 Nc6 7. Ne2 cxd4 8. cxd4 f6 9. exf6 Nxf6 10. O-O Bd6 11. Nf3 O-O 12. Bf4 Bxf4 13. Nxf4 Ne4 14. Ne2 Rxf3 15. gxf3 Ng5 16. f4 Nf3+ 17. Kg2 Qh4 18. Kxf3 Qh3+ 19. Ng3 e5 20. f5 Nxd4+ 21. Ke3 g6 22. f4 Nxf5+ 23. Bxf5 d4+ 24. Kd2 Qxh2+ 25. Qe2 Qxg3 26. Qc4+ Kg7 27. Bxc8 Rxc8 28. Qxc8 Qe3+ 29. Kc2 Qe2+ 30. Kb3 Qb5+ 1/2-1/2

[Event "Montcalm op"]
[Site "Quebec CAN"]
[Date "1999.02.13"]
[Round "4"]
[White "Maheux, Pierre"]
[Black "Caire, Francois"]
[Result "0-1"]
[WhiteElo "1812"]
[BlackElo "1877"]
[PlyCount "40"]
[GameId "2160767911805692"]
[EventDate "1999.02.12"]
[EventType "swiss"]
[EventRounds "5"]
[EventCountry "CAN"]
[SourceTitle "EXT 2022"]
[Source "ChessBase"]
[SourceDate "2021.10.06"]
[SourceVersion "1"]
[SourceVersionDate "2021.10.06"]
[SourceQuality "1"]

1. e4 c5 2. Nf3 Nc6 3. Bb5 g6 4. O-O Bg7 5. c3 e5 6. d3 Nge7 7. Be3 d6 8. Nbd2 O-O 9. Re1 Be6 10. Nf1 a6 11. Bxc6 bxc6 12. Ng3 Rb8 13. b3 f5 14. exf5 Nxf5 15. Nxf5 Bxf5 16. Qd2 Qd7 17. Rad1 Bg4 18. Qe2 Rf7 19. Kh1 Rbf8 20. Rg1 Rxf3 0-1

[Event "Montcalm op"]
[Site "Quebec CAN"]
[Date "1999.02.14"]
[Round "4"]
[White "Bourassa, Andre"]
[Black "Belanger, Martin"]
[Result "1-0"]
[WhiteElo "1465"]
[BlackElo "1274"]
[PlyCount "49"]
[GameId "2160767911805693"]
[EventDate "1999.02.12"]
[EventType "swiss"]
[EventRounds "5"]
[EventCountry "CAN"]
[SourceTitle "EXT 2022"]
[Source "ChessBase"]
[SourceDate "2021.10.06"]
[SourceVersion "1"]
[SourceVersionDate "2021.10.06"]
[SourceQuality "1"]

1. d4 d5 2. c4 e6 3. Nf3 Nc6 4. Nc3 Nf6 5. Bg5 Be7 6. e3 O-O 7. a3 a5 8. Bd3 b6 9. O-O Ba6 10. cxd5 exd5 11. Rc1 Re8 12. Nb5 Bb7 13. Ne5 Bd6 14. Bxf6 Qxf6 15. Nxc6 Bxc6 16. Nxd6 Qxd6 17. Bxh7+ Kxh7 18. Qc2+ g6 19. Qxc6 Qf8 20. Qxd5 Rec8 21. Rc6 Rab8 22. Rfc1 Rb7 23. Rxg6 fxg6 24. Qxb7 Qd6 25. Qxc8 1-0

[Event "Montcalm op"]
[Site "Quebec CAN"]
[Date "1999.02.14"]
[Round "5"]
[White "Auger, Bertrand"]
[Black "Schleifer, Michael"]
[Result "1/2-1/2"]
[WhiteElo "2060"]
[BlackElo "2423"]
[PlyCount "62"]
[GameId "2160767911805694"]
[EventDate "1999.02.12"]
[EventType "swiss"]
[EventRounds "5"]
[EventCountry "CAN"]
[SourceTitle "EXT 2022"]
[Source "ChessBase"]
[SourceDate "2021.10.06"]
[SourceVersion "1"]
[SourceVersionDate "2021.10.06"]
[SourceQuality "1"]

1. Nf3 Nf6 2. g3 d5 3. c4 dxc4 4. Bg2 c6 5. a4 g6 6. O-O Bg7 7. Na3 O-O 8. Nxc4 Be6 9. Qc2 Na6 10. b3 Nb4 11. Qb1 Bf5 12. d3 Nfd5 13. Bb2 Nf6 14. Rd1 a5 15. Nd4 Bd7 16. Nc2 Nfd5 17. Bxg7 Kxg7 18. Qb2+ f6 19. N4e3 Nxc2 20. Nxc2 h5 21. e4 Nc7 22. d4 h4 23. Ne3 Rh8 24. e5 hxg3 25. hxg3 Be6 26. exf6+ exf6 27. d5 Nxd5 28. Rd4 Qg8 29. Nxd5 Bxd5 30. Bxd5 cxd5 31. Qd2 Rh5 1/2-1/2

[Event "Montcalm op"]
[Site "Quebec CAN"]
[Date "1999.02.14"]
[Round "5"]
[White "Bourassa, Andre"]
[Black "Deschamps, Eric"]
[Result "1/2-1/2"]
[WhiteElo "1465"]
[BlackElo "1381"]
[PlyCount "53"]
[GameId "2160767911805695"]
[EventDate "1999.02.12"]
[EventType "swiss"]
[EventRounds "5"]
[EventCountry "CAN"]
[SourceTitle "EXT 2022"]
[Source "ChessBase"]
[SourceDate "2021.10.06"]
[SourceVersion "1"]
[SourceVersionDate "2021.10.06"]
[SourceQuality "1"]

1. d4 Nf6 2. c4 c5 3. d5 b5 4. cxb5 a6 5. e3 d6 6. Nc3 g6 7. Bd3 Bg7 8. Nge2 O-O 9. O-O axb5 10. Bxb5 Ba6 11. Bxa6 Nxa6 12. Bd2 Qb6 13. Rb1 Nb4 14. a3 Nbxd5 15. Nxd5 Nxd5 16. Nc3 Nf6 17. f4 Rfb8 18. f5 Qb3 19. fxg6 hxg6 20. Qe2 Nd7 21. Qg4 Ne5 22. Qh4 Qe6 23. b4 cxb4 24. Rxb4 Rxb4 25. axb4 Nc4 26. Qf2 Nxd2 27. Qxd2 1/2-1/2

[Event "Montcalm op"]
[Site "Quebec CAN"]
[Date "1999.02.14"]
[Round "5"]
[White "Caire, Francois"]
[Black "Girard, Robin"]
[Result "1-0"]
[WhiteElo "1877"]
[BlackElo "2310"]
[PlyCount "79"]
[GameId "2160767911805696"]
[EventDate "1999.02.12"]
[EventType "swiss"]
[EventRounds "5"]
[EventCountry "CAN"]
[SourceTitle "EXT 2022"]
[Source "ChessBase"]
[SourceDate "2021.10.06"]
[SourceVersion "1"]
[SourceVersionDate "2021.10.06"]
[SourceQuality "1"]

1. d4 Nf6 2. c4 g6 3. Nc3 Bg7 4. e4 d6 5. f3 O-O 6. Be3 e5 7. d5 Nh5 8. Qd2 f5 9. exf5 gxf5 10. O-O-O Nd7 11. Bd3 Nc5 12. Bc2 a6 13. Nge2 Nf6 14. Ng3 f4 15. Bxc5 dxc5 16. Nge4 Nxe4 17. Nxe4 Qe7 18. d6 cxd6 19. Qxd6 Qxd6 20. Rxd6 Bf5 21. Nxc5 Bxc2 22. Kxc2 Rac8 23. Nxb7 Rxc4+ 24. Kb1 Rc7 25. Na5 Rf6 26. Rxf6 Bxf6 27. Rd1 Rc5 28. Nb7 Rc7 29. Nd6 Kf8 30. Ne4 Bg7 31. Rd6 a5 32. Rd5 Ra7 33. Ng5 Bf6 34. Ne4 Ke7 35. Nc5 Bg7 36. Nb3 a4 37. Nc5 Bf6 38. Rd3 Bg7 39. Ra3 Kd6 40. Rxa4 1-0

[Event "Montcalm-Tch"]
[Site "Quebec CAN"]
[Date "1999.11.25"]
[Round "2"]
[White "Gaspariants, Vladimir"]
[Black "Auger, Bertrand"]
[Result "1-0"]
[WhiteElo "2300"]
[BlackElo "2063"]
[PlyCount "107"]
[GameId "2160767911741830"]
[EventDate "1999.11.18"]
[EventType "team"]
[EventRounds "7"]
[EventCountry "CAN"]

1. e4 e6 2. d3 d5 3. Nd2 Nf6 4. Ngf3 c5 5. g3 Nc6 6. Bg2 Be7 7. O-O b6 8. h4 h6 9. a3 Bb7 10. Qe2 Qc7 11. c3 dxe4 12. dxe4 a5 13. Nc4 e5 14. a4 O-O 15. Re1 Rfe8 16. Nh2 Bf8 17. Qf3 Ba6 18. Ne3 Rad8 19. Nf5 Nh7 20. Ng4 Re6 21. Nge3 Rd3 22. Bf1 c4 23. Bxd3 cxd3 24. Nd5 Qd8 25. Be3 Bc5 26. Bxc5 bxc5 27. Qe3 c4 28. Red1 Nf6 29. Nxf6+ Rxf6 30. h5 Rxf5 31. exf5 Qd5 32. f3 Ne7 33. g4 f6 34. Kg2 Qd6 35. Qe4 Nd5 36. Kg3 Nf4 37. Rd2 Kf7 38. Re1 Qc7 39. Kh4 Bb7 40. Qe3 Bd5 41. Qf2 Kg8 42. Re4 Qc6 43. Rxf4 exf4 44. Qd4 Bxf3 45. Qxf4 Be2 46. Kg3 Kh7 47. Kf2 Qxa4 48. Ke3 Qc6 49. Kd4 a4 50. Qe4 Qc8 51. Qe6 Qc7 52. Qe4 Qc8 53. Rxe2 dxe2 54. Qxe2 1-0

[Event "Montcalm-ch"]
[Site "Quebec CAN"]
[Date "1999.04.29"]
[Round "1"]
[White "Auger, Bertrand"]
[Black "L'Heureux, Clement"]
[Result "1-0"]
[WhiteElo "2094"]
[BlackElo "1860"]
[PlyCount "67"]
[GameId "2160767911805161"]
[EventDate "1999.04.29"]
[EventType "swiss"]
[EventRounds "5"]
[EventCountry "CAN"]

1. Nf3 Nf6 2. g3 c5 3. Bg2 g6 4. b3 Bg7 5. Bb2 Nc6 6. c4 d6 7. O-O O-O 8. d4 Nh5 9. Qd2 Qb6 10. d5 Bxb2 11. Qxb2 Nb8 12. Nbd2 a5 13. a4 Na6 14. e4 Nb4 15. e5 Ng7 16. exd6 exd6 17. Ne4 f5 18. Nf6+ Kh8 19. Ng5 h6 20. Rae1 Nd3 21. Qa1 Ne5 22. Ngh7 Rf7 23. f4 Nh5 24. fxe5 dxe5 25. d6 Nxf6 26. Nxf6 Rxf6 27. Rxe5 Qxd6 28. Rd1 Qf8 29. Re8 Qxe8 30. Qxf6+ Kh7 31. Rd8 Qe1+ 32. Bf1 Qe3+ 33. Kg2 Qe4+ 34. Kf2 1-0

[Event "Montcalm-ch"]
[Site "Quebec CAN"]
[Date "1999.04.29"]
[Round "1"]
[White "Caire, Francois"]
[Black "Campbell, Gaetan"]
[Result "1/2-1/2"]
[WhiteElo "1913"]
[BlackElo "1820"]
[PlyCount "74"]
[GameId "2160767911805162"]
[EventDate "1999.04.29"]
[EventType "swiss"]
[EventRounds "5"]
[EventCountry "CAN"]

1. d4 f5 2. e4 fxe4 3. Nc3 Nf6 4. Bg5 e6 5. Nxe4 Be7 6. Ng3 b6 7. Be2 Bb7 8. Bf3 Bxf3 9. Nxf3 Nc6 10. O-O O-O 11. Qd2 Qe8 12. Rad1 Bd6 13. Bxf6 Rxf6 14. Ne4 Rf8 15. Nxd6 cxd6 16. d5 Ne5 17. Nxe5 dxe5 18. Rfe1 d6 19. dxe6 Qxe6 20. Qxd6 Qxa2 21. Qd5+ Qxd5 22. Rxd5 Rae8 23. Rexe5 Rxe5 24. Rxe5 Rd8 25. Kf1 Rd2 26. Re2 Rd1+ 27. Re1 Rd2 28. Rc1 Rd5 29. Ke2 Re5+ 30. Kd3 Kf7 31. Rd1 Ke6 32. f4 Rd5+ 33. Ke2 Rxd1 34. Kxd1 Kf5 35. g3 Kg4 36. Ke2 Kh3 37. Kf3 Kxh2 1/2-1/2